[Event "II Festival A"]
[Site "Positano ITA"]
[Date "2005.05.22"]
[Round "8"]
[White "Contin, Daniel"]
[Black "Djuric, Stefan"]
[Result "1-0"]
[WhiteElo "2371"]
[BlackElo "2459"]
[PlyCount "107"]
[EventDate "2005.05.16"]

1. c4 g6 2. Nc3 Bg7 3. g3 Nf6 4. Bg2 O-O 5. d3 c6 6. e4 e5 7. Nge2 Na6 8. O-O
Nc7 9. d4 d6 10. h3 exd4 11. Nxd4 Ne6 12. Be3 Nxd4 13. Bxd4 Be6 14. Qd3 a6 15.
b3 b5 16. f4 bxc4 17. bxc4 c5 18. Be3 Nd7 19. Rab1 Nb6 20. Rxb6 Qxb6 21. f5 Qb4
22. fxe6 Qxc3 23. Qxc3 Bxc3 24. e5 fxe6 25. Bxa8 Rxa8 26. exd6 Rc8 27. Bg5 Ba5
28. Be7 Re8 29. Rb1 e5 30. Rb7 e4 31. Kf1 Ra8 32. Ke2 Bc3 33. d7 Ba5 34. Bxc5
Bd8 35. Ke3 Kf7 36. Kxe4 Ke6 37. Ba3 a5 38. h4 h5 39. Bc1 Kd6 40. Bf4+ Kc6 41.
Rb8 Rxb8 42. Bxb8 Kxd7 43. Kd5 g5 44. g4 gxh4 45. gxh5 Bg5 46. c5 Be3 47. c6+
Kc8 48. Be5 a4 49. Ke4 Bc1 50. Kf3 a3 51. Kg4 Bb2 52. Bf4 Bf6 53. h6 Be7 54.
Be5 1-0

[Event "LXV C.to Italiano"]
[Site "Cremona ITA"]
[Date "2005.11.23"]
[Round "1"]
[White "Borgo, Giulio"]
[Black "Rossi, Carlo"]
[Result "0-1"]
[WhiteElo "2408"]
[BlackElo "2357"]
[PlyCount "66"]
[EventDate "2005.11.23"]

1.c4 f5 2.g3 Nf6 3.Bg2 Nc6 4.d4 e5 5.dxe5 Nxe5 6.Qc2 Bc5 7.Nh3 O-O 8.O-O 
d6 9.Nc3 a5 10.b3 Kh8 11.Bb2 Qe8 12.Rad1 Rb8 13.Nb5 Nfg4 14.Qd2 Qh5 15.Qg5
Qf7 16.Bd5 h6 17.Qh4 Qd7 18.Nf4 Rf6 19.Nd3 Nxd3 20.Rxd3 Rg6 21.Nd4 c6 22.
Bg2 Qe8 23.e3 Ne5 24.Rdd1 Rg4 25.Qh3 f4 26.exf4 Rxf4 27.g4 Rxg4 28.Qe3 Qg6
29.Kh1 Rxg2 30.Rg1 Rxg1+ 31.Rxg1 Qd3 32.Qf4 Bg4 33.f3 Bxd4 0-1

[Event "LXV C.to Italiano"]
[Site "Cremona ITA"]
[Date "2005.11.23"]
[Round "1"]
[White "Bruno, Fabio"]
[Black "Pizzuto, Samuele Tullio"]
[Result "1/2-1/2"]
[WhiteElo "2417"]
[BlackElo "2219"]
[PlyCount "98"]
[EventDate "2005.11.23"]

1.Nf3 Nc6 2.d4 d5 3.c4 Bg4 4.Bg5 f6 5.Bh4 e6 6.e3 Bb4+ 7.Nc3 Nge7 8.Rc1 
O-O 9.a3 Bxc3+ 10.Rxc3 e5 11.cxd5 exd4 12.Rc5 Ne5 13.e4 N7g6 14.Bg3 f5 15.
Qxd4 Bxf3 16.Bxe5 Nxe5 17.Qxe5 Re8 18.Qc3 Rxe4+ 19.Kd2 Qg5+ 20.Kc2 Bxg2 
21.Rg1 Rg4 22.Rxg2 Rxg2 23.Bxg2 Qxg2 24.Rxc7 Qxf2+ 25.Kb3 Qb6+ 26.Ka2 Qf6 
27.Qxf6 gxf6 28.Kb3 f4 29.Rxb7 f3 30.Rb4 Rd8 31.Rf4 Rxd5 32.Rxf6 Rd3+ 33.
Ka4 Kg7 34.Rf4 Kg6 35.h4 Rd2 36.b4 f2 37.Rf3 Kh5 38.Rf4 Kg6 39.Kb3 Re2 40.
Rf8 h6 41.Ka4 Kh5 42.Rf4 Kg6 43.Kb3 Kh5 44.Kc3 Ra2 45.Kb3 Re2 46.Ka4 Kg6 
47.Rf3 Kh5 48.Rf4 Kg6 49.Kb3 Kh5 1/2-1/2

[Event "LXV C.to Italiano"]
[Site "Cremona ITA"]
[Date "2005.11.23"]
[Round "1"]
[White "Cacco, Christian"]
[Black "Scalcione, Michelangelo"]
[Result "0-1"]
[WhiteElo "2393"]
[BlackElo "2284"]
[PlyCount "127"]
[EventDate "2005.11.23"]

1.d4 Nf6 2.Nf3 g6 3.c4 d6 4.Nc3 Bf5 5.g3 Ne4 6.Nd2 Nxc3 7.bxc3 c5 8.Qb3 
Qc8 9.Bg2 Nc6 10.dxc5 dxc5 11.Qb5 Bg7 12.Bb2 O-O 13.O-O Nd8 14.Nb3 b6 15.
Bxa8 Bd7 16.Bg2 Bxb5 17.cxb5 Nb7 18.a4 Nd6 19.Nd2 h5 20.Rfe1 h4 21.e4 hxg3
22.hxg3 Bh6 23.Bc1 e5 24.Nf1 Bxc1 25.Rexc1 Nc4 26.Bf3 Kg7 27.Be2 Nd6 28.f3
f5 29.Rd1 Ne8 30.exf5 gxf5 31.a5 Qe6 32.axb6 axb6 33.Rd8 Nc7 34.Rd2 Qf6 
35.Rd7+ Rf7 36.Rxf7+ Kxf7 37.Ra7 Qd8 38.Rb7 f4 39.gxf4 exf4 40.Nh2 Qd6 41.
Ng4 Kf8 42.Rb8+ Ne8 43.Rc8 Qe6 44.Rxe8+ Qxe8 45.Kf1 Qa8 46.c4 Qa1+ 47.Kf2 
Qc3 48.Bf1 Qd2+ 49.Be2 Kg7 50.Kf1 Qc1+ 51.Kf2 Kg6 52.Bf1 Kg5 53.Kg2 Qb2+ 
54.Nf2 Kh4 55.Bd3 Qd4 56.Bf1 Qg7+ 57.Ng4 Kg5 58.Bd3 Qh8 59.Be4 Qh4 60.Bd5 
Qg3+ 61.Kf1 Kh4 62.Ke2 Qg1 63.Nf6 Qe3+ 64.Kf1 0-1

[Event "LXV C.to Italiano"]
[Site "Cremona ITA"]
[Date "2005.11.23"]
[Round "1"]
[White "Contin, Daniel"]
[Black "Piscopo, Pierluigi"]
[Result "1-0"]
[WhiteElo "2385"]
[BlackElo "2399"]
[PlyCount "63"]
[EventDate "2005.11.23"]

1.c4 g6 2.Nc3 Bg7 3.g3 e5 4.Bg2 d6 5.b4 Nf6 6.Rb1 O-O 7.d3 Re8 8.e4 c6 9.
Nge2 Be6 10.b5 Nbd7 11.O-O Nc5 12.f4 Bg4 13.Be3 Qa5 14.Qc2 Qa3 15.Nc1 Bd7 
16.f5 gxf5 17.exf5 Rac8 18.bxc6 bxc6 19.Nb3 Nxb3 20.Rxb3 Qa6 21.Qe2 Qa5 
22.Ne4 d5 23.Nd6 Qc7 24.Nxe8 Rxe8 25.g4 h6 26.cxd5 cxd5 27.Rc1 Qd6 28.Bxa7
Qa6 29.Bc5 e4 30.Bd4 Bb5 31.Qb2 exd3 32.Rxb5 1-0

[Event "LXV C.to Italiano"]
[Site "Cremona ITA"]
[Date "2005.11.23"]
[Round "1"]
[White "Ronchetti, Niccolo'"]
[Black "Manca, Federico"]
[Result "1-0"]
[WhiteElo "2402"]
[BlackElo "2408"]
[PlyCount "71"]
[EventDate "2005.11.23"]

1.e4 d6 2.d4 Nf6 3.Nc3 g6 4.f4 Bg7 5.Nf3 O-O 6.Bd3 Na6 7.O-O c5 8.d5 Rb8 
9.e5 dxe5 10.Bxa6 bxa6 11.fxe5 Nd7 12.Qe1 Nb6 13.Bg5 Qd7 14.Qh4 Nxd5 15.
Rad1 e6 16.Ne4 Rb4 17.c3 Rxe4 18.Qxe4 Qc7 19.Qh4 c4 20.Bh6 Qb6+ 21.Kh1 
Qxb2 22.Ng5 Ne3 23.Rf2 Qxf2 24.Qxf2 Ng4 25.Qf4 Nxh6 26.Ne4 Nf5 27.Nd6 h5 
28.Nxc4 Bb7 29.Nd6 Bh6 30.Qa4 Ba8 31.Nxf5 exf5 32.Qh4 f4 33.Rd3 Be4 34.Rd8
Rxd8 35.Qxd8+ Kh7 36.Qd7 1-0

[Event "LXV C.to Italiano"]
[Site "Cremona ITA"]
[Date "2005.11.24"]
[Round "2"]
[White "Cacco, Christian"]
[Black "Ronchetti, Niccolo'"]
[Result "1/2-1/2"]
[WhiteElo "2393"]
[BlackElo "2402"]
[PlyCount "148"]
[EventDate "2005.11.23"]

1.d4 d5 2.Nf3 Nf6 3.c4 c6 4.Nc3 dxc4 5.a4 Bf5 6.e3 e6 7.Bxc4 Bb4 8.O-O O-O
9.Ne2 Nbd7 10.Bd2 Bd6 11.Ng3 Ne4 12.Nxf5 exf5 13.Qb3 Nxd2 14.Nxd2 Rb8 15.
Be2 Nf6 16.Qc2 g6 17.Bf3 Re8 18.a5 a6 19.Rfd1 Bc7 20.Nb3 h5 21.Qc4 Qe7 22.
Nc5 h4 23.g3 Kg7 24.Ra3 Bd6 25.Rb3 Qc7 26.Kg2 Rh8 27.Qc3 Rhd8 28.Nd3 Rdc8 
29.Nc5 Rd8 30.Na4 Qe7 31.Nb6 Ne4 32.Bxe4 Qxe4+ 33.f3 Qe8 34.Nc4 Be7 35.e4 
fxe4 36.fxe4 Bf6 37.e5 Bg5 38.Qf3 Qe6 39.Nd6 Be7 40.Nxb7 Rh8 41.gxh4 Rxh4 
42.Nc5 Qc4 43.Rxb8 Qc2+ 44.Kf1 Rh5 45.Rd3 Rf5 46.Qxf5 gxf5 47.Rg3+ Kh7 48.
Rh3+ Kg7 49.Nd3 Qd1+ 50.Kg2 Qd2+ 51.Nf2 Qxd4 52.Rg3+ Kh7 53.Nd3 Qe4+ 54.
Kg1 f4 55.Rh3+ Kg6 56.Kf2 Bh4+ 57.Rxh4 Qe3+ 58.Kg2 f3+ 59.Kg3 f2+ 60.Kg2 
Qg5+ 61.Kxf2 Qxh4+ 62.Ke3 Qxh2 63.Rb6 Qh3+ 64.Kd4 Qc8 65.Kc5 Kf5 66.Kd4 
Qd8+ 67.Kc3 Ke4 68.Nc5+ Ke3 69.Nxa6 Qd2+ 70.Kc4 Qc2+ 71.Kb4 Qxb2+ 72.Ka4 
Qa2+ 73.Kb4 Qb2+ 74.Ka4 Qa2+ 1/2-1/2

[Event "LXV C.to Italiano"]
[Site "Cremona ITA"]
[Date "2005.11.24"]
[Round "2"]
[White "Godena, Michele"]
[Black "Borgo, Giulio"]
[Result "1/2-1/2"]
[WhiteElo "2502"]
[BlackElo "2408"]
[PlyCount "46"]
[EventDate "2005.11.23"]

1.e4 g6 2.d4 Bg7 3.Nf3 d6 4.c3 Nf6 5.Bd3 O-O 6.O-O Nc6 7.h3 e5 8.Re1 Re8 
9.Na3 h6 10.Bd2 Kh7 11.Nc2 a5 12.Rc1 d5 13.exd5 Qxd5 14.c4 Qd6 15.c5 Qd5 
16.Ne3 Qd7 17.dxe5 Qxd3 18.exf6 Bxf6 19.Nd5 Rxe1+ 20.Bxe1 Qxd1 21.Nxf6+ 
Kg7 22.Rxd1 Kxf6 23.Bc3+ Ke7 1/2-1/2

[Event "LXV C.to Italiano"]
[Site "Cremona ITA"]
[Date "2005.11.24"]
[Round "2"]
[White "Manca, Federico"]
[Black "Contin, Daniel"]
[Result "1-0"]
[WhiteElo "2408"]
[BlackElo "2385"]
[PlyCount "67"]
[EventDate "2005.11.23"]

1.e4 e6 2.d4 d5 3.Nc3 Bb4 4.e5 c5 5.a3 Bxc3+ 6.bxc3 Ne7 7.Qg4 O-O 8.Bd3 
Qa5 9.Bd2 Nbc6 10.Qh5 Ng6 11.Nf3 Nce7 12.O-O c4 13.Be2 f6 14.exf6 Rxf6 15.
Bg5 Rf5 16.Nh4 Qxc3 17.Nxf5 Nxf5 18.Bg4 Nxd4 19.Rae1 Nxc2 20.Rxe6 Bd7 21.
Rc1 Rf8 22.Re2 Ba4 23.Be6+ Kh8 24.Bxd5 Rf5 25.Qg4 Qd3 26.Be4 Rf8 27.Bxd3 
cxd3 28.Rd2 Bb5 29.a4 Ba6 30.Rdxc2 dxc2 31.Rxc2 b6 32.h4 Ne5 33.Qd4 Re8 
34.Rc7 1-0

[Event "LXV C.to Italiano"]
[Site "Cremona ITA"]
[Date "2005.11.24"]
[Round "2"]
[White "Piscopo, Pierluigi"]
[Black "Arlandi, Ennio"]
[Result "0-1"]
[WhiteElo "2399"]
[BlackElo "2439"]
[PlyCount "92"]
[EventDate "2005.11.23"]

1.e4 c5 2.Nf3 e6 3.Nc3 a6 4.d4 cxd4 5.Nxd4 d6 6.g4 h6 7.Bg2 Nc6 8.h3 Nge7 
9.Be3 Ng6 10.Nf3 Be7 11.Qd2 Nce5 12.Nxe5 dxe5 13.Na4 Qxd2+ 14.Kxd2 Bd7 15.
Nb6 Rd8 16.Nxd7 Kxd7 17.c3 Bg5 18.Kc2 Kc6 19.Rhd1 Nh4 20.Bf1 Bxe3 21.fxe3 
Rd6 22.a4 h5 23.b4 Rxd1 24.Rxd1 hxg4 25.hxg4 Nf3 26.b5+ axb5 27.Bxb5+ Kb6 
28.Rd6+ Ka7 29.Rd7 Ng5 30.Bc6 Rb8 31.Kb3 Rc8 32.Bb5 Nxe4 33.Rxf7 Rxc3+ 34.
Kb4 g5 35.Bd7 Rxe3 36.Bxe6 Rd3 37.Rd7 Rxd7 38.Bxd7 Nf6 39.Bf5 Kb6 40.a5+ 
Kc6 41.Kc4 Kd6 42.Bc8 Kc7 43.Bf5 Kc6 44.Bc8 Ne4 45.Kb4 Nd6 46.Be6 e4 0-1

[Event "LXV C.to Italiano"]
[Site "Cremona ITA"]
[Date "2005.11.24"]
[Round "2"]
[White "Rossi, Carlo"]
[Black "Bruno, Fabio"]
[Result "0-1"]
[WhiteElo "2357"]
[BlackElo "2417"]
[PlyCount "78"]
[EventDate "2005.11.23"]

1.e4 c5 2.Nf3 Nc6 3.Bb5 g6 4.O-O Bg7 5.Re1 Nf6 6.h3 O-O 7.c3 e5 8.d4 cxd4 
9.cxd4 d5 10.Bxc6 bxc6 11.Nxe5 Nxe4 12.Nc3 c5 13.Bf4 Re8 14.Qa4 Bf5 15.Nf3
cxd4 16.Nxd4 Bd7 17.Qd1 Qb6 18.Be3 Qxb2 19.Nxd5 Nxf2 20.Qf3 Bxd4 21.Bxd4 
Nxh3+ 22.Kh2 Qxd4 23.Nf6+ Kf8 24.Nxe8 Rxe8 25.Rad1 Qf4+ 26.Qxf4 Nxf4 27.
Rf1 Nd3 28.Rf6 Bb5 29.a4 Bc4 30.Rc6 Re4 31.a5 a6 32.Rb1 Bb5 33.Rc7 Ne5 34.
Rc8+ Kg7 35.Ra1 Nc6 36.Rc7 h5 37.Kg3 Ra4 38.Re1 Rxa5 39.Re8 Ra4 0-1

[Event "LXV C.to Italiano"]
[Site "Cremona ITA"]
[Date "2005.11.24"]
[Round "2"]
[White "Scalcione, Michelangelo"]
[Black "Pizzuto, Samuele Tullio"]
[Result "0-1"]
[WhiteElo "2284"]
[BlackElo "2219"]
[PlyCount "92"]
[EventDate "2005.11.23"]

1.Nf3 d5 2.d4 Bf5 3.c4 e6 4.Nc3 Nf6 5.Bg5 c6 6.cxd5 exd5 7.Bxf6 Qxf6 8.e3 
Nd7 9.Bd3 Bd6 10.Qc2 Bxd3 11.Qxd3 O-O 12.O-O Rfe8 13.Rab1 Qe7 14.a3 a5 15.
Nd2 Nf6 16.h3 Ne4 17.Ncxe4 dxe4 18.Qe2 f5 19.Rbe1 Bc7 20.f4 exf3 21.Rxf3 
Qd6 22.Nf1 g6 23.Qc4+ Qe6 24.Rc1 Rad8 25.b3 Rd5 26.Rc2 Kg7 27.Rcf2 Re7 28.
a4 Bb6 29.Qc3 Qd6 30.Nd2 Bc7 31.g3 Qe6 32.Qa1 Rd8 33.Qf1 Rde8 34.Qg2 Qd5 
35.Nf1 Re4 36.Rb2 Bd6 37.Qf2 Bc7 38.Rb1 Bd8 39.Nd2 R4e7 40.Rf1 b5 41.g4 
Kh8 42.Rc1 Bb6 43.gxf5 Rxe3 44.Rxe3 Rxe3 45.fxg6 hxg6 46.Rf1 Qg5+ 0-1

[Event "LXV C.to Italiano"]
[Site "Cremona ITA"]
[Date "2005.11.25"]
[Round "3"]
[White "Arlandi, Ennio"]
[Black "Manca, Federico"]
[Result "1/2-1/2"]
[WhiteElo "2439"]
[BlackElo "2408"]
[PlyCount "80"]
[EventDate "2005.11.23"]

1.d4 Nf6 2.c4 g6 3.Nc3 Bg7 4.e4 d6 5.Nf3 O-O 6.Be2 e5 7.O-O Nc6 8.d5 Ne7 
9.Nd2 Ne8 10.b4 f5 11.c5 Nf6 12.f3 f4 13.Nc4 g5 14.Ba3 Ng6 15.b5 dxc5 16.
Bxc5 Rf7 17.a4 Bf8 18.Bxf8 Qxf8 19.Qb3 g4 20.fxg4 Nxg4 21.d6 cxd6 22.Rad1 
Be6 23.Bxg4 Bxg4 24.Nxd6 Bxd1 25.Rxd1 Rd8 26.Nxf7 Rxd1+ 27.Qxd1 Qc5+ 28.
Kh1 Kxf7 29.Qd7+ Ne7 30.Qd3 Qf2 31.h3 Ng6 32.Qd7+ Kg8 33.Qd1 Kg7 34.Nd5 h5
35.Nc7 Kh6 36.Ne8 Nh4 37.Qd6+ Ng6 38.Qd1 Nh4 39.Qd6+ Ng6 40.Qd1 Nh4 
1/2-1/2

[Event "LXV C.to Italiano"]
[Site "Cremona ITA"]
[Date "2005.11.25"]
[Round "3"]
[White "Borgo, Giulio"]
[Black "Piscopo, Pierluigi"]
[Result "0-1"]
[WhiteElo "2408"]
[BlackElo "2399"]
[PlyCount "88"]
[EventDate "2005.11.23"]

1.e4 c5 2.Nf3 e6 3.b3 b6 4.Bb2 Bb7 5.d3 Nf6 6.e5 Ng4 7.Nbd2 Be7 8.h3 Nh6 
9.Ne4 O-O 10.Qd2 Nc6 11.O-O-O Nf5 12.g4 Nfd4 13.Nxd4 cxd4 14.Bg2 a5 15.Kb1
a4 16.f4 Qb8 17.f5 Qxe5 18.Rhf1 d5 19.Ng5 Qe3 20.Nf3 Qxd2 21.Rxd2 axb3 22.
cxb3 e5 23.Ne1 Rfd8 24.Nc2 Ba6 25.Re1 Bh4 26.Red1 Ra7 27.b4 Bg5 28.Rf2 Bb5
29.a3 Rc7 30.Bc1 Bh4 31.Rfd2 Na7 32.Bb2 Ba4 33.Rh1 Nb5 34.Ne1 Nc3+ 35.Ka1 
e4 36.dxe4 dxe4 37.Bxc3 Rxc3 38.Kb2 Bg5 39.Re2 e3 40.Nf3 Bf6 41.g5 d3 42.
Rxe3 Rc2+ 43.Kb1 Rb2+ 44.Ka1 Bc3 0-1

[Event "LXV C.to Italiano"]
[Site "Cremona ITA"]
[Date "2005.11.25"]
[Round "3"]
[White "Bruno, Fabio"]
[Black "Godena, Michele"]
[Result "0-1"]
[WhiteElo "2417"]
[BlackElo "2502"]
[PlyCount "78"]
[EventDate "2005.11.23"]

1.d4 Nf6 2.Nf3 d5 3.c4 e6 4.e3 a6 5.Nc3 c5 6.a3 dxc4 7.Bxc4 b5 8.Ba2 Bb7 
9.O-O Be7 10.Qe2 Nbd7 11.Rd1 O-O 12.e4 b4 13.e5 bxc3 14.exf6 Bxf6 15.bxc3 
cxd4 16.Nxd4 Qc8 17.Rd3 Nc5 18.Re3 e5 19.Nc2 Rd8 20.Ne1 Qf5 21.Rb1 Bd5 22.
c4 Be4 23.Rb6 Bg5 24.f3 Bxe3+ 25.Qxe3 Rd1 26.Bd2 Rd8 27.fxe4 Nxe4 28.Bb1 
Rxb1 29.Rxb1 Nxd2 30.Qxd2 Qc8 31.Qc3 Qc5+ 32.Kh1 h6 33.Nf3 e4 34.Ng1 Qf2 
35.Qe1 e3 36.Nf3 Qa2 37.Rc1 Qxa3 38.c5 e2 39.Ng1 Qxc1 0-1

[Event "LXV C.to Italiano"]
[Site "Cremona ITA"]
[Date "2005.11.25"]
[Round "3"]
[White "Pizzuto, Samuele Tullio"]
[Black "Rossi, Carlo"]
[Result "0-1"]
[WhiteElo "2219"]
[BlackElo "2357"]
[PlyCount "90"]
[EventDate "2005.11.23"]

1.Nc3 Nc6 2.e4 Nf6 3.Nf3 d5 4.exd5 Nxd5 5.Bc4 Nb6 6.Bb3 e5 7.Qe2 Qe7 8.h3 
Bf5 9.d3 O-O-O 10.Bd2 f6 11.O-O-O a5 12.Rhe1 Qc5 13.g4 Bg6 14.Ne4 Qb5 15.
Nc3 Qa6 16.a4 Bc5 17.Nb5 Rhe8 18.Nh4 Re7 19.Nxg6 hxg6 20.Qe4 g5 21.h4 gxh4
22.g5 Kb8 23.Qxh4 Nd7 24.Be3 Bxe3+ 25.Rxe3 f5 26.g6 Nc5 27.Bc4 Qb6 28.d4 
Red7 29.d5 Nxa4 30.Qh5 Na7 31.b3 Nxb5 32.bxa4 Nd6 33.Bb3 e4 34.Qe2 Rh8 35.
Bc4 Rh2 36.Bb5 Re7 37.Rf1 Qd4 38.Kb1 f4 39.Rb3 Qxd5 40.Rd1 Qc5 41.Rf1 e3 
42.Ba6 Ka7 43.Bd3 Ne4 44.Bxe4 Rxe4 45.Qf3 Rb4 0-1

[Event "LXV C.to Italiano"]
[Site "Cremona ITA"]
[Date "2005.11.25"]
[Round "3"]
[White "Ronchetti, Niccolo'"]
[Black "Scalcione, Michelangelo"]
[Result "1-0"]
[WhiteElo "2402"]
[BlackElo "2284"]
[PlyCount "73"]
[EventDate "2005.11.23"]

1.e4 d6 2.Nf3 e5 3.d4 exd4 4.Qxd4 Nf6 5.Nc3 Be7 6.Bg5 O-O 7.O-O-O Nc6 8.
Qd2 Be6 9.h4 a5 10.Qe1 Re8 11.e5 Ng4 12.exd6 cxd6 13.Bd3 d5 14.Bxe7 Rxe7 
15.Ng5 h6 16.Nxe6 fxe6 17.Be2 Nge5 18.f4 Nf7 19.Kb1 a4 20.a3 Nd6 21.g4 b5 
22.Na2 b4 23.axb4 a3 24.b3 Qb6 25.g5 Ne4 26.Rg1 Nf2 27.Rd2 Nxb4 28.Bf3 
Nxa2 29.Kxa2 Ne4 30.Bxe4 dxe4 31.gxh6 e3 32.Rdg2 Qd4 33.Qa1 e5 34.fxe5 Qe4
35.e6 Kh8 36.Qc3 Raa7 37.hxg7+ 1-0

[Event "LXV C.to Italiano"]
[Site "Cremona ITA"]
[Date "2005.11.26"]
[Round "4"]
[White "Cacco, Christian"]
[Black "Arlandi, Ennio"]
[Result "0-1"]
[WhiteElo "2393"]
[BlackElo "2439"]
[PlyCount "105"]
[EventDate "2005.11.23"]

1.d4 Nf6 2.Nf3 g6 3.c4 Bg7 4.Nc3 d5 5.Bf4 O-O 6.e3 c5 7.dxc5 Qa5 8.Qa4 
Qxc5 9.Qb5 Qxb5 10.Nxb5 Na6 11.Rd1 Be6 12.Ng5 Bg4 13.f3 h6 14.fxg4 hxg5 
15.Bxg5 dxc4 16.Bxc4 Nxg4 17.Be2 Nf6 18.Bf3 Nc5 19.Ke2 a6 20.Nc3 Rac8 21.
b4 Ne6 22.Bxf6 Bxf6 23.Nd5 Rc4 24.Rc1 Rfc8 25.Rxc4 Rxc4 26.Kd2 Ng5 27.Rc1 
Nxf3+ 28.gxf3 Rh4 29.Rh1 Kg7 30.e4 Bg5+ 31.Ke2 e6 32.Nc3 Bf4 33.h3 Rh5 34.
a3 Kf6 35.Na4 a5 36.Nc5 axb4 37.axb4 b5 38.Nd3 Bd6 39.Kf2 Rh8 40.Rc1 Rxh3 
41.Rc6 Rh2+ 42.Ke3 Bb8 43.Rc8 Ba7+ 44.Kf4 g5+ 45.Kg3 Rd2 46.Nc5 Rd4 47.Na6
Rc4 48.Rg8 Be3 49.Kg4 Bf4 50.Nc5 Rc2 51.e5+ Ke7 52.Rxg5 Bxg5 53.Kxg5 0-1

[Event "LXV C.to Italiano"]
[Site "Cremona ITA"]
[Date "2005.11.26"]
[Round "4"]
[White "Piscopo, Pierluigi"]
[Black "Bruno, Fabio"]
[Result "1/2-1/2"]
[WhiteElo "2399"]
[BlackElo "2417"]
[PlyCount "46"]
[EventDate "2005.11.23"]

1.e4 c5 2.Nf3 Nc6 3.d4 cxd4 4.Nxd4 Nf6 5.Nc3 e5 6.Ndb5 d6 7.Bg5 a6 8.Na3 
b5 9.Nd5 Be7 10.Bxf6 Bxf6 11.c3 O-O 12.Nc2 Bg5 13.a4 bxa4 14.Rxa4 a5 15.
Bc4 Rb8 16.b3 Kh8 17.O-O f5 18.exf5 Bxf5 19.Nce3 Bg6 20.Bd3 Bxd3 21.Qxd3 
Bxe3 22.fxe3 Rxf1+ 23.Qxf1 Rxb3 1/2-1/2

[Event "LXV C.to Italiano"]
[Site "Cremona ITA"]
[Date "2005.11.26"]
[Round "4"]
[White "Ronchetti, Niccolo'"]
[Black "Contin, Daniel"]
[Result "1/2-1/2"]
[WhiteElo "2402"]
[BlackElo "2385"]
[PlyCount "24"]
[EventDate "2005.11.23"]

1.d4 e6 2.c4 Nf6 3.Nc3 c5 4.Nf3 cxd4 5.Nxd4 Bb4 6.Nb5 a6 7.Nd6+ Ke7 8.
Nxc8+ Qxc8 9.e3 Ne4 10.Qd4 Nf6 11.Bd2 Nc6 12.Qh4 h6 1/2-1/2

[Event "LXV C.to Italiano"]
[Site "Cremona ITA"]
[Date "2005.11.26"]
[Round "4"]
[White "Scalcione, Michelangelo"]
[Black "Rossi, Carlo"]
[Result "0-1"]
[WhiteElo "2284"]
[BlackElo "2357"]
[PlyCount "66"]
[EventDate "2005.11.23"]

1.Nf3 d6 2.d4 Bg4 3.c4 Bxf3 4.exf3 e6 5.Qb3 Qc8 6.Nc3 Ne7 7.Be3 g6 8.g4 
Bg7 9.O-O-O Nd7 10.Be2 O-O 11.f4 c5 12.d5 exd5 13.Nxd5 Nxd5 14.Rxd5 Nf6 
15.Rxd6 Nxg4 16.Rhd1 Nxe3 17.fxe3 Qh3 18.R6d3 b5 19.Bf1 Qf3 20.R3d2 bxc4 
21.Bxc4 Rab8 22.Bxf7+ Kh8 23.Qe6 Qb7 24.Bxg6 Bxb2+ 25.Kc2 Bg7 26.Bh5 c4 
27.Rc1 Qb5 28.Rd5 Qa4+ 29.Kd2 Rb2+ 30.Ke1 Qxa2 31.Rf5 Rd8 32.Rd5 Rg8 33.
Bf3 Bc3+ 0-1

[Event "LXV C.to Italiano"]
[Site "Cremona ITA"]
[Date "2005.11.27"]
[Round "5"]
[White "Arlandi, Ennio"]
[Black "Ronchetti, Niccolo'"]
[Result "1-0"]
[WhiteElo "2439"]
[BlackElo "2402"]
[PlyCount "65"]
[EventDate "2005.11.23"]

1.d4 d5 2.c4 c6 3.Nc3 e5 4.dxe5 d4 5.Ne4 Qa5+ 6.Bd2 Qxe5 7.Ng3 Nf6 8.Nf3 
Qd6 9.Qc2 Be7 10.O-O-O O-O 11.Bc3 Qf4+ 12.e3 dxe3 13.fxe3 Qxe3+ 14.Kb1 Na6
15.Re1 Qc5 16.a3 Qd6 17.b4 Bg4 18.Ne5 Be6 19.Bd3 Rad8 20.h4 Rfe8 21.h5 h6 
22.Rhf1 Nb8 23.Bf5 Nbd7 24.Bxe6 fxe6 25.c5 Qc7 26.Qg6 Rf8 27.Ng4 Kh8 28.
Nxh6 Bxc5 29.Rxe6 Bd6 30.Nhf5 Nb6 31.Re7 Qxe7 32.Nxe7 Bxe7 33.Nf5 1-0

[Event "LXV C.to Italiano"]
[Site "Cremona ITA"]
[Date "2005.11.27"]
[Round "5"]
[White "Borgo, Giulio"]
[Black "Cacco, Christian"]
[Result "1-0"]
[WhiteElo "2408"]
[BlackElo "2393"]
[PlyCount "88"]
[EventDate "2005.11.23"]

1.e4 g6 2.d4 Bg7 3.Nf3 d6 4.c3 Nf6 5.Bd3 Nc6 6.h3 O-O 7.O-O e5 8.Re1 a6 9.
Nbd2 Nh5 10.dxe5 dxe5 11.Bf1 Nf4 12.Qc2 g5 13.Nc4 h5 14.g3 Nxh3+ 15.Bxh3 
g4 16.Nh4 gxh3 17.Ne3 Bf6 18.Nhf5 Bg5 19.Qe2 Bxf5 20.Nxf5 Bxc1 21.Raxc1 
Qg5 22.Rcd1 Rad8 23.Kh2 Rxd1 24.Rxd1 Rd8 25.Rxd8+ Nxd8 26.Kxh3 Ne6 27.Qd1 
Kh7 28.Kh2 Ng7 29.Nh4 Qg4 30.Qd5 Qe6 31.Qxb7 Ne8 32.b3 Nd6 33.Qc6 Nb5 34.
Qc5 Qb6 35.Qxe5 Qxf2+ 36.Ng2 Kg6 37.Kh3 Qf1 38.Kh2 Qe2 39.Qf5+ Kg7 40.Qg5+
Kh7 41.Qf6 Qxe4 42.Qxf7+ Kh6 43.a4 Nd6 44.Qxc7 Nf5 1-0

[Event "LXV C.to Italiano"]
[Site "Cremona ITA"]
[Date "2005.11.27"]
[Round "5"]
[White "Bruno, Fabio"]
[Black "Manca, Federico"]
[Result "0-1"]
[WhiteElo "2417"]
[BlackElo "2408"]
[PlyCount "132"]
[EventDate "2005.11.23"]

1.Nf3 Nf6 2.g3 g6 3.Bg2 Bg7 4.O-O c5 5.c4 Nc6 6.d4 cxd4 7.Nxd4 O-O 8.Nc3 
Nxd4 9.Qxd4 d6 10.b3 Nd7 11.Qd2 a5 12.Bb2 Nc5 13.Rac1 Be6 14.Ba1 Qb6 15.
Rfd1 Rfc8 16.Rb1 Qb4 17.Qe3 Qb6 18.h4 Rc7 19.Nb5 Rd7 20.Bxg7 Kxg7 21.h5 
Qd8 22.Nd4 Rc7 23.Rd2 Bd7 24.Rbd1 Qf8 25.Bf3 a4 26.hxg6 hxg6 27.Kg2 axb3 
28.axb3 Ra3 29.Rh1 Kg8 30.Qg5 Nxb3 31.Rd3 Nxd4 32.Qh4 Qg7 33.Rxa3 g5 34.
Qe4 g4 35.Ra8+ Rc8 36.Rxc8+ Bxc8 37.Qxe7 gxf3+ 38.exf3 Ne6 39.Qxd6 Qf8 40.
Qe5 Qg7 41.Qb8 Qf8 42.Ra1 Bd7 43.Ra8 Qxb8 44.Rxb8+ Kg7 45.Rxb7 Bc6 46.Rb6 
Nd4 47.g4 Kf6 48.Kg3 Ke5 49.f4+ Ke4 50.f5 Ke5 51.Ra6 f6 52.Ra3 Ne2+ 53.Kh4
Kf4 54.c5 Nd4 55.Re3 Nf3+ 56.Kh5 Ne5 57.g5 Be8+ 58.Kh6 fxg5 59.f6 Ng4+ 60.
Kg7 Nxe3 61.c6 Nf5+ 62.Kh7 Ke5 63.c7 Nd6 64.Kg7 Ke6 65.f7 Bxf7 66.Kh6 Ke5 
0-1

[Event "LXV C.to Italiano"]
[Site "Cremona ITA"]
[Date "2005.11.27"]
[Round "5"]
[White "Contin, Daniel"]
[Black "Scalcione, Michelangelo"]
[Result "1-0"]
[WhiteElo "2385"]
[BlackElo "2284"]
[PlyCount "123"]
[EventDate "2005.11.23"]

1.c4 e5 2.Nc3 Nf6 3.Nf3 Nc6 4.g3 d5 5.cxd5 Nxd5 6.Bg2 Nb6 7.Rb1 Be7 8.b4 
f6 9.b5 Nd4 10.d3 Be6 11.O-O O-O 12.Ne1 Nd5 13.Bxd5 Bxd5 14.e3 Nxb5 15.
Rxb5 Bc6 16.Rb1 f5 17.d4 exd4 18.exd4 b6 19.Nf3 Bb7 20.Re1 f4 21.g4 c5 22.
d5 Bf6 23.Ne5 f3 24.Bb2 Bxe5 25.Rxe5 Qh4 26.Ne4 Rf4 27.Ng3 Raf8 28.d6 Qxg4
29.Re7 R4f7 30.Qf1 h5 31.h3 Qg6 32.h4 Qxd6 33.Rxf7 Rxf7 34.Rd1 Qg6 35.Qc4 
Kh7 36.Kh2 Bc8 37.Rd6 Qg4 38.Qxg4 Bxg4 39.Ne4 Rd7 40.Rc6 Kg8 41.Kg3 Kf8 
42.Rc8+ Ke7 43.Rg8 Ke6 44.Rxg7 Rxg7 45.Bxg7 Kf7 46.Be5 Ke7 47.Bb8 Kd8 48.
Nf6 Be6 49.a3 Kc8 50.Be5 Kb7 51.Nxh5 b5 52.Kxf3 a5 53.Ke3 b4 54.axb4 cxb4 
55.Nf4 Bf5 56.Nd5 Ka6 57.Kf4 Bc2 58.Bd6 Kb5 59.Ke5 Bb3 60.h5 Bxd5 61.Kxd5 
a4 62.h6 1-0

[Event "LXV C.to Italiano"]
[Site "Cremona ITA"]
[Date "2005.11.27"]
[Round "5"]
[White "Pizzuto, Samuele Tullio"]
[Black "Piscopo, Pierluigi"]
[Result "1/2-1/2"]
[WhiteElo "2219"]
[BlackElo "2399"]
[PlyCount "84"]
[EventDate "2005.11.23"]

1.d4 c5 2.dxc5 e6 3.Nc3 Nf6 4.e4 Nc6 5.Be3 Qa5 6.Bd3 Bxc5 7.Bxc5 Qxc5 8.
Nf3 O-O 9.O-O a6 10.a3 b5 11.Qe2 d6 12.Rfe1 Bb7 13.Rad1 Rac8 14.h3 Nd7 15.
Nb1 Nce5 16.c3 Nxf3+ 17.Qxf3 f5 18.Qe2 Ne5 19.exf5 exf5 20.Kh1 Rce8 21.Bc2
Qc6 22.Bb3+ Nc4 23.Qf1 d5 24.Bxc4 dxc4 25.f3 f4 26.Qf2 Re3 27.Rxe3 fxe3 
28.Qxe3 Rxf3 29.Rd8+ Rf8 30.Rxf8+ Kxf8 31.Qf2+ Kg8 32.Nd2 Qh6 33.Kg1 Qg6 
34.Nf1 Qg5 35.Kh2 h5 36.Ne3 h4 37.Nc2 Qe5+ 38.Kg1 Be4 39.Nd4 Qg5 40.Kh2 
Kh7 41.Kg1 Kh6 42.Ne6 Qg3 1/2-1/2

[Event "LXV C.to Italiano"]
[Site "Cremona ITA"]
[Date "2005.11.27"]
[Round "5"]
[White "Rossi, Carlo"]
[Black "Godena, Michele"]
[Result "1/2-1/2"]
[WhiteElo "2357"]
[BlackElo "2502"]
[PlyCount "31"]
[EventDate "2005.11.23"]

1.e4 e5 2.Nf3 Nc6 3.Bc4 Bc5 4.d3 Nf6 5.O-O d6 6.c3 a6 7.Bb3 Ba7 8.h3 O-O 
9.Re1 Ne7 10.Nbd2 Ng6 11.Nf1 b5 12.Ng3 Bb7 13.d4 c5 14.a4 Re8 15.dxe5 dxe5
16.Qxd8 1/2-1/2

[Event "LXV C.to Italiano"]
[Site "Cremona ITA"]
[Date "2005.11.28"]
[Round "6"]
[White "Cacco, Christian"]
[Black "Bruno, Fabio"]
[Result "1/2-1/2"]
[WhiteElo "2393"]
[BlackElo "2417"]
[PlyCount "99"]
[EventDate "2005.11.23"]

1.d4 d5 2.Nf3 e6 3.c4 dxc4 4.e3 a6 5.a4 c5 6.Bxc4 Nf6 7.O-O Nc6 8.Nc3 Be7 
9.dxc5 Qxd1 10.Rxd1 Bxc5 11.Bd2 b6 12.Na2 Ne4 13.Be1 Nd6 14.Be2 a5 15.Rac1
Ke7 16.Nd4 Bd7 17.Nb3 Nb4 18.Nxc5 bxc5 19.Nc3 Rhd8 20.f3 Be8 21.Bf2 Nb7 
22.b3 Rxd1+ 23.Rxd1 Rd8 24.Kf1 Rxd1+ 25.Nxd1 Bc6 26.Nb2 e5 27.Ke1 Nd6 28.
Kd2 f6 29.e4 Nb7 30.Bc4 Bd7 31.Nd3 Kd6 32.Bg8 h6 33.Kc3 Kc6 34.Nb2 Nd6 35.
Nc4 Nb7 36.g4 Na2+ 37.Kd2 Nb4 38.h4 g5 39.Ne3 Nd6 40.Be1 Kc7 41.Kc3 Bc8 
42.Nc4 Nxc4 43.Bxc4 Kb6 44.hxg5 hxg5 45.Bb5 Be6 46.Bf2 Nc6 47.Bxc6 Kxc6 
48.Be3 Bc8 49.Bc1 Ba6 50.Kd2 1/2-1/2